| 000 | 00656nac a22001811u 4500 | ||
|---|---|---|---|
| 010 | _a 93003688 | ||
| 020 | _a0878358765 | ||
| 082 | 0 | 0 |
_a004 _bB949 |
| 090 |
_c3958 _d3958 |
||
| 100 | _aBurd, Stephen D. | ||
| 245 | 1 | 0 |
_aSystems architecture : _bhardware and software in business information systems / _cStephen D. Burd. |
| 260 |
_aDanvers, Mass. : _bBoyd & Fraser Pub. Co.,1994 _c1994. |
||
| 300 |
_axxvi, 627 p. : _bill. ; _c24 cm. |
||
| 500 | _aIncludes index. | ||
| 650 | 0 | _aComputer architecture. | |
| 942 |
_cBB _k004B949 |
||
| 999 |
_c3958 _d3958 |
||